| 000 | 00643cam a2200205 4500 | ||
|---|---|---|---|
| 001 | ABS62327 | ||
| 008 | 000000n2000 000 0 eng u | ||
| 035 | _a(Sirsi) u106066 | ||
| 100 | _aRizos, C. | ||
| 245 | _aGPS survey technology - why doesn't every surveyor own a kit? | ||
| 260 | _c2000 | ||
| 490 |
_aSurveying World _v8)4) May/June 2000, 26-27(2) |
||
| 520 | _aConsiders whether surveyors are ready to grasp the opportunities offered by GPS reference station networks linked to the internet. | ||
| 590 | _aABS | ||
| 650 | _aGPS | ||
| 650 | _aREFERENCE STATIONS | ||
| 650 | _aINTERNET | ||
| 690 | _aGEOMATICS-GPS | ||
| 942 | _n0 | ||
| 999 |
_c63535 _d63535 |
||